Podium du Rallye de la Lys - Statistiques

Statistiques générales
  • Ce quiz a été pris 5 fois
  • Le résultat moyen est 16 sur 56
Statistiques - réponses
Vainqueur % Correct
Jean-Jacques Barbara
100%
José Barbara
100%
Laurent Bayard
100%
Christophe Wilt
80%
Hugues Lapouille
80%
Samuel Salaun
80%
Simon Salaun
80%
Victorien Heuninck
80%
Vincent Christiann
80%
Adrien Van Beveren
60%
Cedric Valentin
60%
Sabir Gany
60%
Vivien Macé
60%
Yves Saint-Requier
60%
Alain Flament
40%
Andrew Fenwick
40%
Anthony Mortier
40%
Arnaud Mordacq
40%
Jean-Benoit Houssin
40%
Jimmy Mannessier
40%
Johan Vanson
40%
Steve Hendy
40%
William Massias
40%
Bernard Mathon
20%
Claudie Tanghe
20%
Graham Coffey
20%
Julien Level
20%
Philippe Lefebvre
20%
Xavier Pruvot
20%
Benjamin Vanaudenhove
0%
Bernard Bottini
0%
Claude Pecqueriaux
0%
Dominique Perrard
0%
Eric Bauduin
0%
Eric Dupont
0%
Fabien Doenlen
0%
Henri Beve
0%
Jean-Marc Ivens
0%
Jean-Marie Jacquemin
0%
Jean-Michel Guégan
0%
Jean-Michel Lair
0%
Marc Guyot
0%
Michel Nourry
0%
Olivier Cailliau
0%
Olivier Ducrocq
0%
Patrick Valcke
0%
Paul Bernard
0%
Paul Molon
0%
Philippe Catteau
0%
Philippe Fleury
0%
Philippe Lefèvre
0%
Philippe Vernier
0%
René Georget
0%
Sébastien Deraedt
0%
Stéphane Colpaert
0%
Stéphane Pustelnik
0%
Aucun quiz correspondant
Distribution des résultats
% des personnes avec chaque résultat
Percentile par nombre de réponses
Votre historique - résultats
Vous n’avez pas pris ce quiz